| 000 | 00000nam##2200000za#4500 |
| 001 | 9.575707 |
| 003 | CaOODSP |
| 005 | 20210624184807 |
| 007 | cr ||||||||||| |
| 008 | 150406|2009||||xxc|||||o f|0| 0 eng|d |
| 040 | |aCaOODSP|beng |
| 043 | |an-cn--- |
| 086 | 1 |aTU3-5/09-7E-PDF |
| 110 | 2 |aTransportation Safety Board of Canada. |
| 245 | 10|aRisk of collision between Air Canada Jazz Bombardier CL-600-2D15, C-FDJZ and airport maintenance vehicles (snow sweepers), Whitehorse International Airport, Yukon, 06 March 2009 |h[electronic resource] |
| 260 | |aGatineau - Quebec : |bTransportation Safety Board of Canada |c[2009]. |
| 300 | |a30p.|bfigs. |
| 490 | 1 |aAviation investigation report |vA09W0037 |
| 590 | |a13-06-Supp|b2013-03-19 |
| 775 | 08|tRisque de collision entre le Bombardier CL-600-2D15 C-FDJZ exploité par Air Canada Jazz et des véhicules d'entretien d'aéroport (camions de balayage de neige) à l'aéroport international de Whitehorse (Yukon), le 6 mars 2009 |w(CaOODSP)9.605180 |
| 830 | #0|aAviation investigation report ;|vA09W0037|w(CaOODSP)9.504825 |
| 856 | 40|ahttp://publications.gc.ca|qPDF|s535 KB|uhttps://publications.gc.ca/collections/collection_2013/bst-tsb/TU3-5-09-7-eng.pdf|yA09W0037 |